| 000 | 00549 a2200169 4500 | ||
|---|---|---|---|
| 003 | Nust | ||
| 005 | 20170207154115.0 | ||
| 028 | _a956 | ||
| 040 | _cNust | ||
| 082 | _a956 | ||
| 100 | _aGlubb Pasha | ||
| 245 |
_aThe Middle Est Crisis _bA personal interpretation _cGlubb Pasha |
||
| 260 |
_aLahore , pakistan _bnational book foundation _c1967 |
||
| 300 | _a48p; | ||
| 505 | _aPart.1: The Role of Russia (Page-9) Part.2: Asia and Africa (Page-23) Part.3: A Brief History of the Palestine Grievance (page-35) | ||
| 538 | _aAlmirah No.57 and Shelf No.4 | ||
| 942 |
_2ddc _cBK |
||
| 999 |
_c194056 _d194056 |
||